El gol geopolítico (Record no. 182660)

MARC details
000 -LEADER
campo de control de longitud fija 01183nam a2200253 i 4500
001 - NÚMERO DE CONTROL
campo de control 182660
003 - IDENTIFICADOR DE NÚMERO DE CONTROL
campo de control ES-MaACL
005 - FECHA Y HORA DE LA ÚLTIMA TRANSACCIÓN
campo de control 20250822050254.0
008 - DATOS DE LONGITUD FIJA--INFORMACIÓN GENERAL
campo de control de longitud fija 131008s2007 sp | |||| ||spa d
020 ## - NÚMERO INTERNACIONAL ESTÁNDAR DEL LIBRO
Número Internacional Estándar del Libro 978-84-611-5582-8 Asociación de Periodistas Europeos
020 ## - NÚMERO INTERNACIONAL ESTÁNDAR DEL LIBRO
Número Internacional Estándar del Libro 978-84-451-2980-7 Consejería de Cultura y Deportes de la Comunidad de Madrid
080 ## - NÚMERO DE LA CLASIFICACIÓN DECIMAL UNIVERSAL
Número de la Clasificación Decimal Universal 796.332(460)
100 0# - ENTRADA PRINCIPAL--NOMBRE DE PERSONA
Nombre de persona Cerecedo, Francisco.
9 (RLIN) 37483
245 13 - MENCIÓN DEL TÍTULO
Título El gol geopolítico
Resto del título : crónicas deportivas en el diario "Madrid" /
Mención de responsabilidad, etc. Francisco Cerecedo ; [selección de textos, Juby Bustamante].
260 ## - PUBLICACIÓN, DISTRIBUCIÓN, ETC.
Lugar de publicación, distribución, etc. Madrid :
Nombre del editor, distribuidor, etc. Asociación de Periodistas Europeos :
-- Consejería de Cultura y Deportes de la Comunidad de Madrid,
Fecha de publicación, distribución, etc. [2007]
300 ## - DESCRIPCIÓN FÍSICA
Extensión 499 p. :
Otras características físicas il. ;
Dimensiones 21 cm.
500 ## - NOTA GENERAL
Nota general Selección de crónicas del autor publicadas en el di ario "Madrid" entre 1967 y 1971.
650 07 - PUNTO DE ACCESO ADICIONAL DE MATERIA--TÉRMINO DE MATERIA
Término de materia o nombre geográfico como elemento de entrada Fútbol
Fuente del encabezamiento o término embne
9 (RLIN) 13019
700 1# - ENTRADA AGREGADA--NOMBRE PERSONAL
Nombre de persona Bustamante, Juby.
9 (RLIN) 153596
852 ## - LOCALIZACIÓN
Ubicación ES-MaACL
Número de control de estantería A-12806
itemnumber 189577
Sublocalización o colección R.149012
Ubicación en estantería Depósito 1
Signatura antigua Olim: N-5806
Encuadernación Donación: José Luis Abellán
903 ## - NOMBRE PERSONAL DE DONANTE
a Abellán, José Luis,
d 1933-2023-
v Homenajes
e Donante
q 1
9 172356
942 ## - ELEMENTOS DE ENTRADA SECUNDARIOS (KOHA)
Fuente del sistema de clasificación o colocación Clasificación decimal universal
Tipo de ítem Koha Libro impreso
Holdings
Estatus retirado Estado de pérdida Fuente del sistema de clasificación o colocación Estado de daño No para préstamo Biblioteca de origen Biblioteca actual Ubicación en estantería Fecha de adquisición Fuente de adquisición Total de préstamos Signatura topográfica completa Código de barras Visto por última vez Precio de reemplazo Tipo de ítem Koha
    Clasificación decimal universal     Biblioteca del Ateneo de Madrid Biblioteca del Ateneo de Madrid Depósito 1 08/10/2013 Donación   A-12806 1191961 23/02/2023 23/02/2023 Libro impreso